Extreme Weather States Quiz Stats

 Plays Quiz not verified by Sporcle

Support Sporcle.
Go Orange.
Score 0/35 Timer 03:00
0 Plays Today
State % Correct
California
95.1%
Texas
93.5%
Florida
93.2%
Florida
93.2%
Florida
93.2%
Florida
93.2%
Arizona
88.6%
Kansas
87.8%
Alaska
86%
Alaska
86%
Oklahoma
85.5%
Washington
84.3%
New Mexico
83.1%
Nevada
81.2%
Nevada
81.2%
Hawaii
80%
Hawaii
80%
Hawaii
79.9%
State % Correct
Maine
79.9%
Alabama
79.8%
Alabama
79.8%
Georgia
78.5%
Georgia
78.5%
North Dakota
77.3%
Mississippi
76.1%
Mississippi
76.1%
Minnesota
75.5%
Utah
73.8%
Louisiana
72.7%
Louisiana
72.7%
Louisiana
72.7%
Iowa
65%
Wyoming
64.1%
Wyoming
64.1%
Illinois
61.6%

You're not logged in!

Compare scores with friends on all Sporcle quizzes.
OR
Log In

From the Vault

Game of Thrones Character Limericks

by bgkamp

There was a man from Westeros,
Who received a royal-sized dose;
Of lying bald spiders
And sneaky insiders,
He said to the realm 'adios'!
Remove Ads.
Support Sporcle.
Get the best of Sporcle when you Go Orange. This ad-free experience offers more features, more stats, and more fun while also helping to support Sporcle. Thank you for becoming a member.

Show Comments

Extras

Top Quizzes Today


Score Distribution

Your Account Isn't Verified!

In order to create a playlist on Sporcle, you need to verify the email address you used during registration. Go to your Sporcle Settings to finish the process.

Report this User

Report this user for behavior that violates our Community Guidelines.

Details: